Participatory rural appraisal (Record no. 9839)
[ view plain ]
| 000 -LEADER | |
|---|---|
| fixed length control field | 00254nam a22001217a 4500 |
| 040 ## - CATALOGING SOURCE | |
| Transcribing agency | SY |
| 082 ## - DEWEY DECIMAL CLASSIFICATION NUMBER | |
| Classification number | 803 |
| 100 ## - MAIN ENTRY--AUTHOR NAME | |
| Personal name | BLESILDA M |
| 245 ## - TITLE STATEMENT | |
| Title | Participatory rural appraisal |
| 260 ## - PUBLICATION, DISTRIBUTION, ETC. (IMPRINT) | |
| Place of publication | Philippines los banos |
| Name of publisher | BLE |
| Year of publication | 2003 |
| 300 ## - PHYSICAL DESCRIPTION | |
| Number of Pages | 81p. |
| 942 ## - ADDED ENTRY ELEMENTS (KOHA) | |
| Koha item type | សៀវភៅភាសាអង់គ្លេស |
| 952 ## - LOCATION AND ITEM INFORMATION (KOHA) | |
| Withdrawn status [LOCAL, KOHA] | 0 |
| 952 ## - LOCATION AND ITEM INFORMATION (KOHA) | |
| Withdrawn status [LOCAL, KOHA] | 0 |
| Koha item type | Barcode | Lost status | Permanent Location | Current Location | Date acquired | Full call number |
|---|---|---|---|---|---|---|
| សៀវភៅភាសាអង់គ្លេស | RUA045939 | Library Block C | Library Block C | 2016-09-14 | 803 BLE 2003 | |
| សៀវភៅភាសាអង់គ្លេស | RUA045576 | Library Block C | Library Block C | 2016-09-14 | 803 BLE 2003 |